Chimie : Nomenclature des fonctions principales - Statistiques

Statistiques générales
  • Ce quiz a été pris 1 011 fois
  • Le résultat moyen est 6 sur 9
Statistiques - réponses
Par images Réponse % Correct
Alcool
97%
Amine
77%
Acide Carboxylique
75%
Aldéhyde
75%
Alcane
74%
Ester
68%
Alcène
66%
Cétone
66%
Anhydride d'acide
11%
Aucun quiz correspondant
Distribution des résultats
% des personnes avec chaque résultat
Percentile par nombre de réponses
Votre historique - résultats
Vous n’avez pas pris ce quiz